00385 a2200109 4500001001000000005001700010008004100027245010000068100002300168700002800191773005600219ART_3788720260410161750.0260409a 10aIncremento de las deducciones personales para asalariados, jubilados, pensionados y autónomos1 aDreiling, Paola E.1 aRolando, Félix José0 tDoctrina tributariag- Nº 433 (abr. 2016)wREV4296